[Event "TeamRussiamenrapid"]
[Site "?"]
[Date "2016.10.05"]
[Round "5.10"]
[White "Iljin, Timofey"]
[Black "Paravyan, David"]
[Result "1/2-1/2"]
[LiveChessVersion "1.4.4"]
[BlackElo "2500"]
[WhiteElo "2464"]

1. d4 {[%clk 0:15:19]} Nf6 {[%clk 0:15:10]} 2. c4 {[%clk 0:15:28]} g6
{[%clk 0:15:16]} 3. Nc3 {[%clk 0:15:36]} d5 {[%clk 0:15:26]} 4. cxd5 Nxd5
{[%clk 0:15:35]} 5. e4 {[%clk 0:15:55]} Nxc3 {[%clk 0:15:44]} 6. bxc3
{[%clk 0:16:04]} Bg7 {[%clk 0:15:52]} 7. Nf3 {[%clk 0:16:13]} c5 {[%clk 0:16:02]}
8. Be2 {[%clk 0:16:12]} Nc6 {[%clk 0:16:04]} 9. d5 {[%clk 0:16:22]} Bxc3+
{[%clk 0:16:07]} 10. Bd2 {[%clk 0:16:32]} Bxa1 {[%clk 0:16:15]} 11. Qxa1
{[%clk 0:16:41]} Nd4 {[%clk 0:16:24]} 12. Nxd4 {[%clk 0:16:50]} cxd4
{[%clk 0:16:33]} 13. Qxd4 {[%clk 0:17:00]} f6 {[%clk 0:16:34]} 14. O-O
{[%clk 0:17:02]} O-O {[%clk 0:16:38]} 15. Bc4 {[%clk 0:15:39]} Bd7
{[%clk 0:14:38]} 16. Bb4 {[%clk 0:13:52]} Rf7 {[%clk 0:13:29]} 17. e5
{[%clk 0:12:16]} Rc8 {[%clk 0:11:35]} 18. exf6 {[%clk 0:09:53]} Qb6
{[%clk 0:11:04]} 19. Qxb6 {[%clk 0:08:17]} axb6 {[%clk 0:11:05]} 20. Bb3
{[%clk 0:08:17]} exf6 {[%clk 0:07:39]} 21. d6 {[%clk 0:08:20]} Kg7
{[%clk 0:07:11]} 22. Bxf7 {[%clk 0:07:47]} Kxf7 {[%clk 0:07:20]} 23. Re1
{[%clk 0:07:41]} Re8 {[%clk 0:07:19]} 24. Re7+ {[%clk 0:07:39]} Rxe7
{[%clk 0:07:28]} 25. dxe7 {[%clk 0:07:47]} b5 {[%clk 0:07:32]} 26. f4
{[%clk 0:07:42]} f5 {[%clk 0:07:22]} 27. Kf2 {[%clk 0:07:49]} Bc6
{[%clk 0:07:21]} 28. g3 {[%clk 0:07:47]} Ke6 {[%clk 0:07:29]} 29. h3
{[%clk 0:07:51]} h5 {[%clk 0:07:35]} 30. Ke3 {[%clk 0:07:56]} Kd5
{[%clk 0:07:40]} 31. a3 {[%clk 0:08:01]} Kc4 {[%clk 0:07:31]} 32. Bd6
{[%clk 0:07:47]} 1/2-1/2

[Event "TeamRussiamenrapid"]
[Site "?"]
[Date "2016.10.05"]
[Round "5.11"]
[White "Matinian, Nikita"]
[Black "Kurbedinov, Ramis"]
[Result "1-0"]
[LiveChessVersion "1.4.4"]
[BlackElo "2249"]
[WhiteElo "2493"]

1. e4 {[%clk 0:15:20]} e5 {[%clk 0:15:18]} 2. Nf3 {[%clk 0:15:28]} Nc6
{[%clk 0:15:28]} 3. Bb5 {[%clk 0:15:37]} Nge7 {[%clk 0:15:36]} 4. Nc3
{[%clk 0:15:36]} g6 {[%clk 0:15:38]} 5. d4 {[%clk 0:14:06]} exd4 {[%clk 0:15:43]}
6. Nd5 {[%clk 0:14:10]} Nxd5 {[%clk 0:14:13]} 7. exd5 {[%clk 0:14:19]} Qe7+
{[%clk 0:14:11]} 8. Kf1 {[%clk 0:13:25]} Ne5 {[%clk 0:11:34]} 9. Bf4
{[%clk 0:11:46]} f6 {[%clk 0:11:37]} 10. Qxd4 {[%clk 0:11:38]} Bg7
{[%clk 0:11:33]} 11. Re1 {[%clk 0:11:43]} O-O {[%clk 0:11:23]} 12. Nxe5
{[%clk 0:11:32]} fxe5 {[%clk 0:11:32]} 13. Bxe5 {[%clk 0:11:05]} Bxe5
{[%clk 0:06:32]} 14. Rxe5 {[%clk 0:11:13]} Qf6 {[%clk 0:06:35]} 15. Re4
{[%clk 0:11:07]} Qxd4 {[%clk 0:05:59]} 16. Rxd4 {[%clk 0:11:15]} c6
{[%clk 0:05:38]} 17. Bd3 {[%clk 0:10:33]} b5 {[%clk 0:04:22]} 18. dxc6 dxc6
{[%clk 0:04:31]} 19. Rd6 {[%clk 0:09:38]} Bf5 {[%clk 0:03:20]} 20. h4
{[%clk 0:08:47]} c5 {[%clk 0:01:10]} 21. Bxb5 {[%clk 0:08:25]} Bxc2
{[%clk 0:01:19]} 22. Rh3 {[%clk 0:08:27]} Rab8 {[%clk 0:00:41]} 23. Bc4+
{[%clk 0:08:34]} Kh8 {[%clk 0:00:48]} 24. b3 {[%clk 0:08:43]} Bb1
{[%clk 0:00:38]} 25. a4 {[%clk 0:08:41]} Rf4 {[%clk 0:00:29]} 26. h5
{[%clk 0:08:11]} Rbf8 {[%clk 0:00:26]} 27. hxg6 {[%clk 0:08:10]} Rxf2+
{[%clk 0:00:17]} 28. Kg1 {[%clk 0:08:19]} Bxg6 {[%clk 0:00:12]} 29. Rxg6
{[%clk 0:08:24]} 1-0

[Event "TeamRussiamenrapid"]
[Site "?"]
[Date "2016.10.05"]
[Round "5.12"]
[White "Papenin, Nikolai"]
[Black "Vastrukhin, Oleg"]
[Result "1-0"]
[LiveChessVersion "1.4.4"]
[BlackElo "2456"]
[WhiteElo "2334"]

1. d4 {[%clk 0:15:19]} g6 {[%clk 0:15:19]} 2. c4 {[%clk 0:15:25]} Bg7
{[%clk 0:15:29]} 3. Nc3 {[%clk 0:15:34]} c5 {[%clk 0:15:38]} 4. d5
{[%clk 0:15:42]} Bxc3+ {[%clk 0:15:46]} 5. bxc3 {[%clk 0:15:51]} f5
{[%clk 0:15:55]} 6. Nf3 {[%clk 0:14:37]} Qa5 {[%clk 0:16:04]} 7. Qc2
{[%clk 0:14:06]} d6 {[%clk 0:16:09]} 8. Rb1 {[%clk 0:13:39]} Nd7 {[%clk 0:16:04]}
9. Rb5 {[%clk 0:13:08]} Qa6 {[%clk 0:15:51]} 10. e4 {[%clk 0:13:02]} fxe4
{[%clk 0:15:36]} 11. Ng5 {[%clk 0:13:06]} Ne5 {[%clk 0:15:00]} 12. Nxe4
{[%clk 0:12:37]} Bd7 {[%clk 0:15:05]} 13. f4 {[%clk 0:10:21]} Ng4
{[%clk 0:13:39]} 14. Rb2 {[%clk 0:09:31]} N8f6 {[%clk 0:13:28]} 15. Ng3
{[%clk 0:08:24]} O-O-O {[%clk 0:13:19]} 16. h3 {[%clk 0:08:04]} Nh6
{[%clk 0:13:26]} 17. Bd3 {[%clk 0:08:07]} Kb8 {[%clk 0:12:50]} 18. O-O
{[%clk 0:08:15]} Rhf8 {[%clk 0:12:47]} 19. Be3 {[%clk 0:07:24]} Nf5
{[%clk 0:12:55]} 20. Nxf5 {[%clk 0:07:17]} gxf5 {[%clk 0:12:55]} 21. Rfb1
{[%clk 0:07:06]} b6 {[%clk 0:13:02]} 22. a4 {[%clk 0:07:10]} Qa5 {[%clk 0:12:59]}
23. Rb5 {[%clk 0:05:31]} Bxb5 {[%clk 0:12:56]} 24. axb5 {[%clk 0:05:29]} Ne4
{[%clk 0:13:05]} 25. Bxe4 {[%clk 0:05:36]} fxe4 {[%clk 0:13:14]} 26. Bc1
{[%clk 0:04:38]} e6 {[%clk 0:11:07]} 27. dxe6 {[%clk 0:03:48]} Rde8
{[%clk 0:11:16]} 28. Qxe4 {[%clk 0:03:23]} Qxc3 {[%clk 0:10:21]} 29. f5
{[%clk 0:03:31]} Rg8 {[%clk 0:09:31]} 30. Bf4 {[%clk 0:03:31]} Rxg2+
{[%clk 0:08:52]} 31. Kxg2 {[%clk 0:03:10]} Rg8+ {[%clk 0:08:49]} 32. Kh2
{[%clk 0:03:18]} 1-0

[Event "TeamRussiamenrapid"]
[Site "?"]
[Date "2016.10.05"]
[Round "5.13"]
[White "Potapov, Pavel"]
[Black "Fedoseev, Vladimir"]
[Result "1/2-1/2"]
[LiveChessVersion "1.4.4"]
[BlackElo "2740"]
[WhiteElo "2503"]

1. e4 {[%clk 0:15:19]} c6 {[%clk 0:15:17]} 2. d4 {[%clk 0:15:26]} d5
{[%clk 0:15:25]} 3. e5 {[%clk 0:15:35]} Bf5 {[%clk 0:15:33]} 4. h4
{[%clk 0:15:42]} a6 {[%clk 0:15:42]} 5. Ne2 {[%clk 0:15:17]} Qc7 {[%clk 0:15:41]}
6. Ng3 {[%clk 0:15:15]} Bd7 {[%clk 0:15:48]} 7. Be3 {[%clk 0:14:49]} e6
{[%clk 0:15:49]} 8. c4 {[%clk 0:11:59]} dxc4 {[%clk 0:13:50]} 9. Nd2
{[%clk 0:11:58]} b5 {[%clk 0:13:54]} 10. Nde4 {[%clk 0:11:34]} c5
{[%clk 0:13:05]} 11. dxc5 {[%clk 0:11:11]} Qxe5 {[%clk 0:12:16]} 12. a4
{[%clk 0:09:59]} Bc6 {[%clk 0:11:35]} 13. f4 {[%clk 0:07:57]} Qc7
{[%clk 0:11:22]} 14. Qd4 {[%clk 0:07:21]} Nf6 {[%clk 0:11:09]} 15. b3
{[%clk 0:05:46]} Nbd7 {[%clk 0:09:15]} 16. axb5 {[%clk 0:04:49]} axb5
{[%clk 0:09:22]} 17. Rxa8+ {[%clk 0:04:55]} Bxa8 {[%clk 0:09:30]} 18. bxc4
{[%clk 0:04:56]} Nxe4 {[%clk 0:08:27]} 19. Nxe4 {[%clk 0:04:59]} Bxe4
{[%clk 0:08:10]} 20. Qxe4 {[%clk 0:05:03]} Bxc5 {[%clk 0:07:48]} 21. Bxc5
{[%clk 0:04:39]} Nxc5 {[%clk 0:06:12]} 22. Qa8+ {[%clk 0:04:41]} Ke7
{[%clk 0:06:19]} 23. Qxh8 {[%clk 0:04:35]} Qa5+ {[%clk 0:05:39]} 24. Kf2
{[%clk 0:03:40]} Ne4+ {[%clk 0:05:17]} 25. Kg1 {[%clk 0:03:05]} Qe1
{[%clk 0:03:21]} 26. Qxg7 {[%clk 0:02:38]} Qf2+ {[%clk 0:03:02]} 27. Kh2
{[%clk 0:02:46]} Qxh4+ {[%clk 0:03:10]} 28. Kg1 {[%clk 0:02:55]} Qf2+
{[%clk 0:03:18]} 29. Kh2 {[%clk 0:03:02]} 1/2-1/2

[Event "TeamRussiamenrapid"]
[Site "?"]
[Date "2016.10.05"]
[Round "5.14"]
[White "Predke, Alexandr"]
[Black "Belyakov, Bogdan"]
[Result "1-0"]
[LiveChessVersion "1.4.4"]
[BlackElo "2440"]
[WhiteElo "2618"]

1. e4 {[%clk 0:15:17]} e5 {[%clk 0:15:19]} 2. Nf3 {[%clk 0:15:26]} Nc6
{[%clk 0:15:27]} 3. d4 {[%clk 0:15:34]} exd4 {[%clk 0:15:35]} 4. Nxd4
{[%clk 0:15:42]} Nf6 {[%clk 0:15:43]} 5. Nxc6 {[%clk 0:15:50]} bxc6
{[%clk 0:15:51]} 6. e5 {[%clk 0:15:56]} Qe7 {[%clk 0:15:58]} 7. Qe2
{[%clk 0:16:04]} Nd5 {[%clk 0:16:06]} 8. c4 {[%clk 0:16:12]} Ba6 {[%clk 0:16:13]}
9. Nd2 {[%clk 0:16:16]} g6 {[%clk 0:16:04]} 10. Nf3 {[%clk 0:16:16]} Qb4+
{[%clk 0:15:44]} 11. Kd1 {[%clk 0:15:53]} Nb6 {[%clk 0:15:19]} 12. b3
{[%clk 0:15:18]} Bg7 {[%clk 0:14:49]} 13. Qd2 {[%clk 0:13:38]} Qxd2+
{[%clk 0:14:56]} 14. Bxd2 {[%clk 0:13:06]} c5 {[%clk 0:15:03]} 15. Kc2
{[%clk 0:13:00]} Bb7 {[%clk 0:14:52]} 16. Bd3 {[%clk 0:12:51]} O-O
{[%clk 0:14:59]} 17. Rhe1 {[%clk 0:12:38]} d5 {[%clk 0:13:34]} 18. cxd5
{[%clk 0:12:34]} Bxd5 {[%clk 0:13:39]} 19. Be4 {[%clk 0:12:11]} c6
{[%clk 0:13:19]} 20. Rad1 {[%clk 0:11:46]} Rfe8 {[%clk 0:12:37]} 21. Bc3
{[%clk 0:11:02]} a5 {[%clk 0:12:10]} 22. a4 {[%clk 0:09:50]} c4 {[%clk 0:11:45]}
23. bxc4 {[%clk 0:08:38]} Nxc4 {[%clk 0:11:52]} 24. Bxd5 {[%clk 0:07:41]} cxd5
{[%clk 0:12:00]} 25. Rxd5 {[%clk 0:07:50]} Rec8 {[%clk 0:11:21]} 26. Kb3
{[%clk 0:06:57]} Nb6 {[%clk 0:11:23]} 27. Rb5 {[%clk 0:07:01]} Nxa4
{[%clk 0:11:27]} 28. Bd4 {[%clk 0:07:09]} Bf8 {[%clk 0:07:56]} 29. Kxa4
{[%clk 0:07:16]} Rc4+ {[%clk 0:08:05]} 30. Kb3 {[%clk 0:07:22]} Rac8
{[%clk 0:08:13]} 31. Ra1 {[%clk 0:06:54]} g5 {[%clk 0:07:57]} 32. e6
{[%clk 0:06:28]} h6 {[%clk 0:08:05]} 33. exf7+ {[%clk 0:06:34]} Kh7
{[%clk 0:08:14]} 34. h3 {[%clk 0:06:10]} R4c7 {[%clk 0:08:06]} 35. Raxa5
{[%clk 0:06:05]} Rxf7 {[%clk 0:08:13]} 36. Ra7 {[%clk 0:06:05]} Rxa7
{[%clk 0:08:02]} 37. Bxa7 {[%clk 0:06:14]} Bg7 {[%clk 0:07:37]} 38. Bd4
{[%clk 0:06:06]} Bxd4 {[%clk 0:07:34]} 39. Nxd4 {[%clk 0:06:15]} Rc1
{[%clk 0:07:42]} 40. Rb7+ {[%clk 0:06:13]} Kg6 {[%clk 0:07:46]} 41. Rb6+
{[%clk 0:06:17]} 1-0

[Event "TeamRussiamenrapid"]
[Site "?"]
[Date "2016.10.05"]
[Round "5.15"]
[White "Savitskiy, Sergey"]
[Black "Yuffa, Daniil"]
[Result "1/2-1/2"]
[LiveChessVersion "1.4.4"]
[BlackElo "2566"]
[WhiteElo "2401"]

1. e4 {[%clk 0:15:19]} Nf6 {[%clk 0:15:17]} 2. d3 {[%clk 0:15:17]} d5
{[%clk 0:15:25]} 3. Nd2 {[%clk 0:15:26]} c5 {[%clk 0:15:34]} 4. g3
{[%clk 0:15:32]} Nc6 {[%clk 0:15:35]} 5. Bg2 {[%clk 0:15:33]} Bg4
{[%clk 0:15:35]} 6. f3 {[%clk 0:15:24]} Bh5 {[%clk 0:14:57]} 7. Ne2
{[%clk 0:15:25]} e5 {[%clk 0:13:45]} 8. O-O {[%clk 0:15:08]} dxe4
{[%clk 0:12:38]} 9. dxe4 {[%clk 0:15:02]} Be7 {[%clk 0:12:41]} 10. Nc4
{[%clk 0:14:32]} O-O {[%clk 0:10:28]} 11. Qxd8 {[%clk 0:13:47]} Rfxd8
{[%clk 0:10:29]} 12. a4 {[%clk 0:13:43]} Nd7 {[%clk 0:09:09]} 13. Nc3
{[%clk 0:12:00]} Nb4 {[%clk 0:09:05]} 14. Rf2 {[%clk 0:11:32]} f6
{[%clk 0:08:37]} 15. Bf1 {[%clk 0:11:29]} Bf7 {[%clk 0:08:05]} 16. b3
{[%clk 0:07:07]} Nb8 {[%clk 0:07:20]} 17. Ne3 {[%clk 0:07:00]} N8c6
{[%clk 0:07:05]} 18. Bc4 {[%clk 0:07:06]} a6 {[%clk 0:05:44]} 19. Ncd5
{[%clk 0:04:41]} Nxd5 {[%clk 0:05:06]} 20. Nxd5 {[%clk 0:04:47]} Kf8
{[%clk 0:05:04]} 21. c3 {[%clk 0:04:16]} Na5 {[%clk 0:04:48]} 22. Be3
{[%clk 0:03:53]} Bd6 {[%clk 0:03:23]} 23. Nb6 {[%clk 0:03:52]} Bxc4
{[%clk 0:03:10]} 24. Nxc4 {[%clk 0:03:57]} Nxc4 {[%clk 0:02:56]} 25. bxc4
{[%clk 0:04:06]} Be7 {[%clk 0:02:53]} 26. Rd2 {[%clk 0:03:27]} Rxd2
{[%clk 0:02:52]} 27. Bxd2 {[%clk 0:03:37]} Rd8 {[%clk 0:02:58]} 28. Ra2
{[%clk 0:03:46]} Rd7 {[%clk 0:02:16]} 29. Kf2 {[%clk 0:03:52]} Ke8
{[%clk 0:02:22]} 30. Ke2 {[%clk 0:03:42]} Kd8 {[%clk 0:02:29]} 31. Be3
{[%clk 0:02:25]} Kc7 {[%clk 0:02:31]} 32. Rd2 {[%clk 0:02:34]} Rxd2+
{[%clk 0:01:43]} 33. Kxd2 {[%clk 0:02:43]} g6 {[%clk 0:01:42]} 34. g4
{[%clk 0:02:44]} Kd6 {[%clk 0:01:30]} 35. h4 {[%clk 0:01:19]} Ke6
{[%clk 0:01:08]} 36. Bf2 {[%clk 0:00:45]} h5 {[%clk 0:00:32]} 37. Kd3
{[%clk 0:00:21]} Kd6 {[%clk 0:00:28]} 38. Kc2 {[%clk 0:00:21]} Bf8
{[%clk 0:00:35]} 39. Be3 {[%clk 0:00:27]} Ke6 {[%clk 0:00:41]} 40. Kd3
{[%clk 0:00:34]} Kf7 {[%clk 0:00:33]} 41. Ke2 {[%clk 0:00:36]} Be7
{[%clk 0:00:30]} 42. Bf2 {[%clk 0:00:45]} Ke6 {[%clk 0:00:38]} 43. Kd3
{[%clk 0:00:53]} Kd7 {[%clk 0:00:27]} 44. Kc2 {[%clk 0:00:58]} Ke6
{[%clk 0:00:19]} 45. Kd3 {[%clk 0:01:06]} 1/2-1/2

[Event "TeamRussiamenrapid"]
[Site "?"]
[Date "2016.10.05"]
[Round "5.16"]
[White "Lugovskoy, Maxim"]
[Black "Sergeyev, Alexander"]
[Result "1-0"]
[LiveChessVersion "1.4.4"]
[BlackElo "2394"]
[WhiteElo "2491"]

1. d4 {[%clk 0:15:18]} d5 {[%clk 0:15:17]} 2. Nc3 {[%clk 0:15:26]} Nf6
{[%clk 0:15:12]} 3. Bf4 {[%clk 0:15:35]} e6 {[%clk 0:15:09]} 4. Nb5
{[%clk 0:15:40]} Na6 {[%clk 0:13:08]} 5. e3 {[%clk 0:15:49]} c6 {[%clk 0:12:25]}
6. Nc3 {[%clk 0:15:58]} c5 {[%clk 0:12:17]} 7. Bxa6 {[%clk 0:15:58]} bxa6
{[%clk 0:12:24]} 8. Nf3 {[%clk 0:16:06]} cxd4 {[%clk 0:11:25]} 9. exd4
{[%clk 0:16:15]} Be7 {[%clk 0:10:59]} 10. O-O {[%clk 0:16:23]} O-O
{[%clk 0:11:07]} 11. Re1 {[%clk 0:15:52]} Bb7 {[%clk 0:11:12]} 12. Ne5
{[%clk 0:15:50]} Rc8 {[%clk 0:11:15]} 13. Bg5 {[%clk 0:15:34]} h6
{[%clk 0:11:12]} 14. Bh4 {[%clk 0:15:42]} Re8 {[%clk 0:08:58]} 15. h3
{[%clk 0:15:51]} Qc7 {[%clk 0:08:02]} 16. Rb1 {[%clk 0:13:35]} Ne4
{[%clk 0:07:02]} 17. Bxe7 {[%clk 0:13:34]} Nxc3 {[%clk 0:06:45]} 18. bxc3
{[%clk 0:13:43]} Rxe7 {[%clk 0:06:51]} 19. Re3 {[%clk 0:13:20]} Bc6
{[%clk 0:06:41]} 20. Rg3 {[%clk 0:12:33]} Be8 {[%clk 0:06:12]} 21. Ng4
{[%clk 0:11:34]} Qf4 {[%clk 0:05:56]} 22. Ne5 {[%clk 0:11:10]} f6
{[%clk 0:05:48]} 23. Nd3 {[%clk 0:10:50]} Qd6 {[%clk 0:05:09]} 24. Nc5
{[%clk 0:10:57]} Kh8 {[%clk 0:03:01]} 25. Qd2 {[%clk 0:09:15]} e5
{[%clk 0:02:48]} 26. Re3 {[%clk 0:08:43]} e4 {[%clk 0:02:53]} 27. c4
{[%clk 0:08:05]} f5 {[%clk 0:02:53]} 28. cxd5 {[%clk 0:07:43]} Qxd5
{[%clk 0:02:59]} 29. Rc3 {[%clk 0:07:16]} Bc6 {[%clk 0:02:55]} 30. Nb3
{[%clk 0:06:47]} Rd8 {[%clk 0:01:45]} 31. Rc5 {[%clk 0:06:53]} Qd6
{[%clk 4:12:59]} 32. Rxf5 {[%clk 0:06:43]} Qg6 {[%clk 0:01:40]} 33. Rc5
{[%clk 0:06:15]} e3 {[%clk 0:00:41]} 34. fxe3 {[%clk 0:06:24]} Be4
{[%clk 0:00:47]} 35. Rf1 {[%clk 0:06:19]} Rde8 {[%clk 0:00:49]} 36. Na5
{[%clk 0:05:46]} Ba8 {[%clk 0:00:40]} 37. Nc4 {[%clk 0:05:43]} Re4
{[%clk 0:00:23]} 38. Ne5 {[%clk 0:05:47]} Qg3 {[%clk 0:00:20]} 39. Rf3
{[%clk 0:05:03]} Rxd4 {[%clk 0:00:25]} 40. Qxd4 {[%clk 0:04:40]} Bxf3
{[%clk 0:00:33]} 41. Nxf3 {[%clk 0:04:46]} Rb8 {[%clk 0:00:27]} 42. Qd1
{[%clk 0:04:39]} 1-0

[Event "TeamRussiamenrapid"]
[Site "?"]
[Date "2016.10.05"]
[Round "5.17"]
[White "Tregubov, Pavel V."]
[Black "Sychev, Klementy"]
[Result "1-0"]
[LiveChessVersion "1.4.4"]
[BlackElo "2510"]
[WhiteElo "2580"]

1. d4 {[%clk 0:15:19]} Nf6 {[%clk 0:15:18]} 2. c4 {[%clk 0:15:27]} e6
{[%clk 0:15:27]} 3. Nc3 {[%clk 0:15:36]} d5 {[%clk 0:15:35]} 4. Nf3
{[%clk 0:15:44]} c5 {[%clk 0:15:39]} 5. cxd5 {[%clk 0:15:51]} Nxd5
{[%clk 0:15:48]} 6. e4 {[%clk 0:15:54]} Nxc3 {[%clk 0:15:56]} 7. bxc3
{[%clk 0:16:04]} cxd4 {[%clk 0:16:04]} 8. cxd4 {[%clk 0:16:13]} Bb4+
{[%clk 0:16:12]} 9. Bd2 {[%clk 0:16:22]} Bxd2+ {[%clk 0:16:20]} 10. Qxd2
{[%clk 0:16:30]} O-O {[%clk 0:16:28]} 11. Bc4 {[%clk 0:16:37]} Nd7
{[%clk 0:16:36]} 12. O-O {[%clk 0:16:30]} b6 {[%clk 0:16:43]} 13. Rad1
{[%clk 0:14:23]} Bb7 {[%clk 0:16:18]} 14. d5 {[%clk 0:14:29]} exd5
{[%clk 0:08:32]} 15. Bxd5 {[%clk 0:14:31]} Nc5 {[%clk 0:08:11]} 16. Qf4
{[%clk 0:13:45]} Qe7 {[%clk 0:08:06]} 17. Nd4 {[%clk 0:12:57]} Bxd5
{[%clk 0:03:51]} 18. exd5 {[%clk 0:13:05]} Qe4 {[%clk 0:03:29]} 19. Qxe4
{[%clk 0:08:07]} Nxe4 {[%clk 0:03:36]} 20. Nc6 {[%clk 0:08:13]} Nd6
{[%clk 0:03:44]} 21. f3 {[%clk 0:08:06]} Rfe8 {[%clk 0:03:47]} 22. Kf2
{[%clk 0:08:15]} Kf8 {[%clk 0:03:11]} 23. Rd3 {[%clk 0:08:22]} b5
{[%clk 0:02:46]} 24. a4 {[%clk 0:08:16]} a6 {[%clk 0:02:51]} 25. Ra1
{[%clk 0:08:15]} Rec8 {[%clk 0:02:14]} 26. g4 {[%clk 0:07:34]} g6
{[%clk 0:02:00]} 27. Ke3 {[%clk 0:07:09]} Nc4+ {[%clk 0:01:29]} 28. Kd4
{[%clk 0:06:36]} Nb2 {[%clk 0:01:38]} 29. axb5 {[%clk 0:04:20]} Nxd3
{[%clk 0:01:31]} 30. b6 {[%clk 0:04:21]} Rab8 {[%clk 0:01:08]} 31. Nxb8
{[%clk 0:02:51]} Rxb8 {[%clk 0:01:17]} 32. Kxd3 {[%clk 0:02:58]} Rxb6
{[%clk 0:01:27]} 33. Kc4 {[%clk 0:03:08]} Ke7 {[%clk 0:01:20]} 34. Kc5
{[%clk 0:03:15]} Rf6 {[%clk 0:01:22]} 35. Ra3 {[%clk 0:02:51]} Kd7
{[%clk 0:01:30]} 36. g5 {[%clk 0:02:57]} Rd6 {[%clk 0:00:35]} 37. Rb3
{[%clk 0:02:15]} Kc7 {[%clk 0:00:44]} 38. Rb7+ {[%clk 0:02:07]} Kxb7 39. Kxd6
{[%clk 0:02:16]} a5 {[%clk 0:00:52]} 40. Ke7 {[%clk 0:02:25]} a4 {[%clk 0:01:01]}
41. d6 {[%clk 0:02:34]} a3 {[%clk 0:01:08]} 42. d7 {[%clk 0:02:43]} a2
{[%clk 0:01:14]} 43. d8=Q {[%clk 0:02:51]} a1=Q {[%clk 0:01:21]} 44. Qd5+
{[%clk 0:02:46]} Kb6 {[%clk 0:00:25]} 45. Qd6+ {[%clk 0:02:55]} Kb7
{[%clk 0:00:31]} 46. Kxf7 {[%clk 0:02:55]} Qc3 {[%clk 0:00:20]} 47. Qd5+
{[%clk 0:02:10]} Kb6 {[%clk 0:00:17]} 48. Kg8 {[%clk 0:02:12]} Qc7
{[%clk 0:00:18]} 49. h4 {[%clk 0:02:13]} Qe7 {[%clk 0:00:14]} 50. Qf7
{[%clk 0:02:01]} Qe1 {[%clk 0:00:20]} 51. Kxh7 {[%clk 0:01:46]} 1-0

[Event "TeamRussiamenrapid"]
[Site "?"]
[Date "2016.10.05"]
[Round "5.19"]
[White "Bryzgalin, Kirill"]
[Black "Kovalev, Egor"]
[Result "1-0"]
[LiveChessVersion "1.4.4"]
[BlackElo "2289"]
[WhiteElo "2574"]

1. c4 {[%clk 0:15:18]} Nf6 {[%clk 0:15:17]} 2. Nc3 {[%clk 0:15:20]} d5
{[%clk 0:15:24]} 3. cxd5 {[%clk 0:15:20]} Nxd5 {[%clk 0:15:31]} 4. Nf3
{[%clk 0:15:27]} g6 {[%clk 0:15:32]} 5. g3 {[%clk 0:15:30]} Bg7 {[%clk 0:15:39]}
6. Bg2 {[%clk 0:15:39]} O-O {[%clk 0:15:45]} 7. O-O {[%clk 0:15:46]} Nc6
{[%clk 0:15:54]} 8. Qb3 {[%clk 0:15:01]} Nb6 {[%clk 0:16:00]} 9. d3
{[%clk 0:15:02]} h6 {[%clk 0:16:06]} 10. Be3 {[%clk 0:15:00]} e5 {[%clk 0:16:13]}
11. Rfc1 {[%clk 0:14:48]} Nd4 {[%clk 0:16:20]} 12. Bxd4 {[%clk 0:14:50]} exd4
{[%clk 0:16:27]} 13. Ne4 {[%clk 0:14:53]} Re8 {[%clk 0:15:55]} 14. Kf1
{[%clk 0:13:05]} Bd7 {[%clk 0:15:17]} 15. Nc5 {[%clk 0:12:40]} Bc6
{[%clk 0:15:21]} 16. Ng1 {[%clk 0:11:42]} Bxg2+ {[%clk 0:15:08]} 17. Kxg2
{[%clk 0:11:51]} Rb8 {[%clk 0:15:12]} 18. Rc2 {[%clk 0:11:37]} c6
{[%clk 0:14:51]} 19. Nf3 {[%clk 0:11:41]} Qd5 {[%clk 0:14:06]} 20. Rac1
{[%clk 0:10:47]} Qxb3 {[%clk 0:14:02]} 21. Nxb3 {[%clk 0:10:55]} Rbd8
{[%clk 0:14:01]} 22. a3 {[%clk 0:10:59]} Re7 {[%clk 0:13:45]} 23. Kf1
{[%clk 0:11:00]} Bf6 {[%clk 0:12:36]} 24. h4 {[%clk 0:10:51]} h5 {[%clk 0:12:24]}
25. Nc5 {[%clk 0:10:55]} Bg7 {[%clk 0:12:02]} 26. Rb1 {[%clk 0:10:33]} Nd5
{[%clk 0:11:50]} 27. Ne4 {[%clk 0:10:06]} Kf8 {[%clk 0:10:50]} 28. Rbc1
{[%clk 0:09:00]} Nb6 {[%clk 0:10:35]} 29. Rc5 {[%clk 0:08:54]} Kg8
{[%clk 0:10:25]} 30. Ra5 {[%clk 0:08:57]} a6 {[%clk 0:10:33]} 31. Rc2
{[%clk 0:08:28]} Kf8 {[%clk 0:10:38]} 32. Ned2 {[%clk 0:08:22]} Kg8
{[%clk 0:10:33]} 33. Nb3 {[%clk 0:08:31]} Kf8 {[%clk 0:10:10]} 34. Nc5
{[%clk 0:07:57]} Rd5 {[%clk 0:09:09]} 35. Nb3 {[%clk 0:07:14]} Rd8
{[%clk 0:09:16]} 36. Ng5 {[%clk 0:06:56]} Kg8 {[%clk 0:08:41]} 37. Ne4
{[%clk 0:07:01]} Kf8 {[%clk 0:08:27]} 38. Nbd2 {[%clk 0:06:49]} Rde8
{[%clk 0:07:31]} 39. Nf3 {[%clk 0:06:58]} Rd8 {[%clk 0:07:32]} 40. Nc5
{[%clk 0:06:57]} Rd5 {[%clk 0:07:32]} 41. Nd2 {[%clk 0:06:57]} Ree5
{[%clk 0:06:31]} 42. b4 {[%clk 0:06:20]} Re7 {[%clk 0:06:18]} 43. Ncb3
{[%clk 0:04:27]} Rd8 {[%clk 0:06:22]} 44. Nf3 {[%clk 0:04:31]} Kg8
{[%clk 0:05:11]} 45. Rc1 {[%clk 0:02:22]} Rd6 {[%clk 0:05:08]} 46. a4
{[%clk 0:02:17]} Nd5 {[%clk 0:04:53]} 47. b5 {[%clk 0:02:25]} axb5
{[%clk 0:04:54]} 48. axb5 {[%clk 0:02:33]} cxb5 {[%clk 0:04:34]} 49. Nbxd4
{[%clk 0:02:12]} b4 {[%clk 0:04:42]} 50. e3 {[%clk 0:02:10]} Nxe3+
{[%clk 0:04:29]} 51. fxe3 {[%clk 0:02:16]} Rxe3 {[%clk 0:04:37]} 52. Rc8+
{[%clk 0:02:14]} Bf8 {[%clk 0:04:35]} 53. Raa8 {[%clk 0:02:22]} Kg7
{[%clk 0:04:44]} 54. Rxf8 {[%clk 0:02:26]} b3 {[%clk 0:04:49]} 55. Rg8+
{[%clk 0:02:34]} Kf6 {[%clk 0:04:56]} 56. Ra1 {[%clk 0:02:38]} b2
{[%clk 0:04:47]} 57. Rb1 {[%clk 0:02:46]} Rb6 {[%clk 0:04:56]} 58. Rc8
{[%clk 0:02:45]} Rxd3 {[%clk 0:05:00]} 59. Rc2 {[%clk 0:02:51]} 1-0

[Event "TeamRussiamenrapid"]
[Site "?"]
[Date "2016.10.05"]
[Round "5.20"]
[White "Severina, Maria"]
[Black "Oganian, Miran"]
[Result "1/2-1/2"]
[LiveChessVersion "1.4.4"]
[BlackElo "2480"]
[WhiteElo "2226"]

1. Nf3 {[%clk 0:15:19]} Nf6 {[%clk 0:15:18]} 2. g3 {[%clk 0:15:13]} e6
{[%clk 0:15:26]} 3. c4 {[%clk 0:15:04]} a6 {[%clk 0:15:09]} 4. Bg2
{[%clk 0:15:03]} b5 {[%clk 0:15:17]} 5. b3 {[%clk 0:13:43]} c5 {[%clk 0:15:25]}
6. O-O {[%clk 0:13:50]} Bb7 {[%clk 0:23:43]} 7. Bb2 {[%clk 0:13:47]} Be7
{[%clk 0:15:26]} 8. d3 {[%clk 0:13:29]} O-O {[%clk 0:15:31]} 9. a4
{[%clk 0:12:49]} Qb6 {[%clk 0:14:58]} 10. Qd2 {[%clk 0:11:48]} Nc6
{[%clk 0:14:01]} 11. Nc3 {[%clk 0:11:17]} Nd4 {[%clk 0:13:37]} 12. Nxd4
{[%clk 0:10:22]} cxd4 {[%clk 0:13:36]} 13. Ne4 {[%clk 0:09:44]} bxc4
{[%clk 0:12:40]} 14. Nxf6+ {[%clk 0:09:44]} Bxf6 {[%clk 0:12:47]} 15. bxc4
{[%clk 0:09:39]} Bxg2 {[%clk 0:12:50]} 16. Kxg2 {[%clk 0:09:48]} Rab8
{[%clk 0:12:26]} 17. Ba3 {[%clk 0:08:56]} Rfc8 {[%clk 0:12:30]} 18. Qc2
{[%clk 0:08:17]} Qb3 {[%clk 0:10:40]} 19. Qxb3 {[%clk 0:08:25]} Rxb3
{[%clk 0:10:48]} 20. Bd6 {[%clk 0:08:25]} Rb6 {[%clk 0:05:29]} 21. c5
{[%clk 0:08:30]} Rb2 {[%clk 0:05:37]} 22. Kf3 {[%clk 0:07:54]} g5
{[%clk 0:05:45]} 23. g4 {[%clk 0:08:00]} h5 {[%clk 0:05:04]} 24. h3
{[%clk 0:08:08]} hxg4+ {[%clk 0:05:03]} 25. hxg4 {[%clk 0:08:17]} Kg7
{[%clk 0:05:01]} 26. Rfb1 {[%clk 0:08:14]} Rc2 {[%clk 0:05:02]} 27. Rc1
{[%clk 0:07:58]} Rd2 {[%clk 0:04:26]} 28. Rd1 {[%clk 0:07:37]} Rc2
{[%clk 0:04:21]} 29. Rdc1 {[%clk 0:07:09]} Rd2 {[%clk 0:04:17]} 30. Rd1
{[%clk 0:04:48]} Rc2 {[%clk 0:04:25]} 31. Rdc1 1/2-1/2